[Event "Open Olomouc 2006"]
[Site "Olomouc (CZE)"]
[Date "2006.08.10"]
[Round "9.4"]
[White "ZEBERSKI, JAKUB."]
[Black "MANKEYEV, RAUAN."]
[Result "1-0"]
[WhiteElo "2410"]
[BlackElo "2369"]
[PlyCount "89"]
[EventDate "2006.08.03"]

1. e4 c5 2. Nf3 d6 3. d4 cxd4 4. Nxd4 Nf6 5. Nc3 g6 6. Be3 Bg7 7. f3 Nc6 8. Qd2
O-O 9. O-O-O d5 10. exd5 Nxd5 11. Nxc6 bxc6 12. Bd4 e5 13. Bc5 Be6 14. Ne4 Re8
15. h4 h6 16. g4 Nf4 17. Qc3 Bd5 18. g5 h5 19. Qa3 Qc7 20. Ba6 Ne6 21. Bd6 Qb6
22. c4 Bxe4 23. c5 Qxa6 24. Qxa6 Bxf3 25. Rhf1 Bxd1 26. Kxd1 Nd4 27. Qb7 Nf5
28. Ke1 e4 29. Qxc6 Bxb2 30. Rxf5 gxf5 31. Qd5 Kg7 32. Qxf5 Rad8 33. Ke2 e3 34.
Qd5 Kg6 35. c6 Be5 36. Qe4+ f5 37. gxf6+ Kxf6 38. Bxe5+ Rxe5 39. Qf3+ Ke7 40.
Qf4 Kd6 41. Qf6+ Re6 42. Qxd8+ Kxc6 43. Qc8+ Kd6 44. Qa6+ Ke5 45. Qxa7 1-0

[Event "Open Olomouc 2006"]
[Site "Olomouc (CZE)"]
[Date "2006.08.10"]
[Round "9.5"]
[White "ZAKHAROV, VALENTIN."]
[Black "PROKURONOV, EDUARD."]
[Result "1-0"]
[WhiteElo "2376"]
[BlackElo "2274"]
[PlyCount "67"]
[EventDate "2006.08.03"]

1. e4 c5 2. c4 Nc6 3. g3 g6 4. Bg2 Bg7 5. Ne2 a6 6. Nbc3 b5 7. d3 Rb8 8. O-O d6
9. f4 Bd7 10. f5 Ne5 11. cxb5 axb5 12. Nd5 Nf6 13. Nxf6+ Bxf6 14. Nf4 Bc6 15.
Nd5 Bxd5 16. exd5 O-O 17. Bh6 Re8 18. h4 Qb6 19. Be3 Qa5 20. Kh1 Ra8 21. Qe2
Reb8 22. Be4 Qd8 23. Kg2 Qf8 24. fxg6 hxg6 25. h5 Qg7 26. Rh1 g5 27. h6 Qh8 28.
Rh5 Ng6 29. h7+ Kf8 30. Qf3 g4 31. Qxg4 Bxb2 32. Rf1 Ne5 33. Qg8+ Qxg8 34. Bh6+
1-0

[Event "Open Olomouc 2006"]
[Site "Olomouc (CZE)"]
[Date "2006.08.10"]
[Round "9.6"]
[White "HRYHORENKO, NATALIYA."]
[Black "KARHANEK, PAVEL."]
[Result "1/2-1/2"]
[WhiteElo "2328"]
[BlackElo "2144"]
[PlyCount "116"]
[EventDate "2006.08.03"]

1. d4 d5 2. Nf3 Nf6 3. c4 c6 4. g3 a6 5. b3 Bg4 6. Bg2 e6 7. O-O Nbd7 8. Nbd2
Bd6 9. Re1 O-O 10. Bb2 Qe7 11. e4 dxe4 12. Nxe4 Nxe4 13. Rxe4 Nf6 14. Re3 Rfd8
15. h3 Bh5 16. Qc2 Bg6 17. Qe2 Bh5 18. a4 a5 19. Qf1 Bb4 20. Ne5 Qc7 21. g4 Bg6
22. h4 Nd7 23. Nxd7 Rxd7 24. h5 Bd2 25. hxg6 Bxe3 26. gxh7+ Kh8 27. fxe3 Kxh7
28. Qf4 Qb6 29. Be4+ Kg8 30. Bc2 Qb4 31. Qh2 g6 32. Rf1 e5 33. d5 f6 34. Rxf6
Qe1+ 35. Rf1 Qxe3+ 36. Qf2 Qg5 37. Qf3 cxd5 38. cxd5 Kg7 39. Be4 Re8 40. Bc1
Qe7 41. g5 Rd6 42. Qg3 Rb6 43. Qf3 Rc8 44. Bd2 Rh8 45. Rf2 Rh4 46. Rh2 Rxh2 47.
Kxh2 Qa3 48. Bc2 Qc5 49. Bc3 Kg8 50. Kg2 Rd6 51. Be4 Rd7 52. Bxe5 Qc1 53. Bf6
Qd2+ 54. Qf2 Qd1 55. Qf3 Qd2+ 56. Kg3 Rh7 57. Qg2 Qe3+ 58. Kg4 Qe1 1/2-1/2

[Event "Open Olomouc 2006"]
[Site "Olomouc (CZE)"]
[Date "2006.08.10"]
[Round "9.7"]
[White "ZAMBOR, NORBERT."]
[Black "PAKHOMOV, ALEXEY."]
[Result "1-0"]
[WhiteElo "2269"]
[BlackElo "2523"]
[PlyCount "127"]
[EventDate "2006.08.03"]

1. e4 d5 2. exd5 Qxd5 3. Nc3 Qa5 4. d4 Nf6 5. Bc4 c6 6. Nf3 Bg4 7. h3 Bh5 8. g4
Bg6 9. Bd2 e6 10. Qe2 Bb4 11. Ne5 Nbd7 12. Nxg6 hxg6 13. O-O-O O-O-O 14. a3
Bxc3 15. Bxc3 Qc7 16. Bb3 Qf4+ 17. Kb1 Nb6 18. f3 Rd7 19. Rd3 Nbd5 20. Be1 Qc7
21. Rd1 Nf4 22. Qf1 N4d5 23. Bf2 Kb8 24. h4 Ka8 25. Qg1 b5 26. Qe1 Qb6 27. Qe5
Rb7 28. Bg3 Rd8 29. h5 gxh5 30. g5 Nd7 31. Qxg7 Ne3 32. Rdg1 Nf8 33. Rxh5 Nf5
34. Qf6 Nxg3 35. Rxg3 Qxd4 36. Qxd4 Rxd4 37. Rh2 Rb8 38. c3 Rf4 39. Bc2 Kb7 40.
Be4 Kc7 41. Kc2 Rd8 42. b4 Kb6 43. Rgg2 e5 44. Rh6 Rc8 45. Rd2 Ne6 46. Rd6 Nxg5
47. Bxc6 Ne6 48. Bd7+ Kc7 49. Rd5 Rd8 50. Bxe6 fxe6 51. Rh7+ Kc8 52. Rc5+ Kb8
53. Rxb5+ Ka8 54. Rxe5 Rxf3 55. Rc7 Kb8 56. Rc6 Kb7 57. Rcxe6 Rc8 58. Re3 Rf4
59. Kb3 Rh4 60. Re7+ Kb8 61. Re8 Rhc4 62. Rxc8+ Rxc8 63. Re7 Ka8 64. b5 1-0

[Event "Open Olomouc 2006"]
[Site "Olomouc (CZE)"]
[Date "2006.08.10"]
[Round "9.8"]
[White "NESTER, IHOR."]
[Black "PEPINO, ENRICO."]
[Result "1-0"]
[WhiteElo "2417"]
[BlackElo "2187"]
[PlyCount "61"]
[EventDate "2006.08.03"]

1. Nf3 g6 2. c4 Bg7 3. d4 Nf6 4. g3 O-O 5. Bg2 c5 6. O-O cxd4 7. Nxd4 Nc6 8.
Nc3 a6 9. c5 Rb8 10. Bf4 e5 11. Nxc6 bxc6 12. Bxe5 Rxb2 13. Rb1 Rxb1 14. Qxb1
Qa5 15. Bd4 Ng4 16. Bxg7 Kxg7 17. Ne4 f5 18. Nd6 Qxc5 19. Qb8 Qe5 20. e3 a5 21.
Rd1 f4 22. gxf4 Qh5 23. Nxc8 Qxh2+ 24. Kf1 Qh4 25. Qb2+ Kh6 26. Nd6 Qh5 27. Qe2
Rb8 28. Nf7+ Kg7 29. Ng5 h6 30. Rxd7+ Kf8 31. Qd3 1-0

[Event "Open Olomouc 2006"]
[Site "Olomouc (CZE)"]
[Date "2006.08.10"]
[Round "9.9"]
[White "SARNO, SPARTACO."]
[Black "KIRSCHBAUM, GUNNAR."]
[Result "1/2-1/2"]
[WhiteElo "2363"]
[BlackElo "2179"]
[PlyCount "69"]
[EventDate "2006.08.03"]

1. c4 g6 2. g3 Bg7 3. Bg2 d6 4. Nc3 e5 5. d3 Ne7 6. e3 c6 7. Nge2 Be6 8. O-O
Na6 9. Rb1 Qd7 10. b4 Bh3 11. b5 Bxg2 12. Kxg2 Nc7 13. bxc6 bxc6 14. Qa4 c5 15.
Bd2 Qxa4 16. Nxa4 Kd7 17. Ba5 Rhb8 18. Bxc7 Kxc7 19. Nac3 Rxb1 20. Rxb1 Rb8 21.
Rxb8 Kxb8 22. Ne4 Kc7 23. Ng5 h6 24. Nxf7 Kd7 25. Nc3 Nc8 26. Ne4 Ke7 27. Nfxd6
Nxd6 28. Nxc5 e4 29. d4 a5 30. g4 Kf7 31. h3 Bf6 32. Kf1 Bd8 33. Ke2 Bb6 34.
Na4 Nxc4 35. f3 1/2-1/2

[Event "Open Olomouc 2006"]
[Site "Olomouc (CZE)"]
[Date "2006.08.10"]
[Round "9.10"]
[White "KULOVANA, EVA."]
[Black "WALL, GAVIN."]
[Result "1/2-1/2"]
[WhiteElo "2199"]
[BlackElo "2344"]
[PlyCount "52"]
[EventDate "2006.08.03"]

1. e4 e5 2. Nf3 d6 3. d4 exd4 4. Nxd4 Nf6 5. Nc3 Be7 6. g3 d5 7. e5 Ng4 8. Bg2
Nxe5 9. Qe2 Nec6 10. Nxc6 bxc6 11. Bg5 a5 12. O-O-O Be6 13. Bxe7 Qxe7 14. Rhe1
O-O 15. f4 Na6 16. Bh3 Rfe8 17. f5 Qg5+ 18. Kb1 Bd7 19. Qf2 Rxe1 20. Rxe1 h5
21. a3 Qf6 22. Bf1 Qxf5 23. Qd4 Be6 24. Bd3 Qf6 25. Qxf6 gxf6 26. Na4 Kf8
1/2-1/2